00620nam a2200193Ia 4500003000900000008004100009020001800050040001600068080001900084110003700103245006700140260003500207300001500242490006700257650004100324650002400365650001500389700002200404IN-BaIIA211028s9999 xx 000 0 eng d a0-12-368845-9 cIIA Library a063:53bENF-46 aInternational School of Physics 0aPhysics with Intersecting Storage Ringscedited by B. Touschek aNew YorkbAcademic Pressc1971 axiv, 611p. aProceedings of the international school of physics; course. 46 aAstronomy and Astrophysics Thesaurus aHigh Energy Physics aKinematics aTouschek, B., ed.